| 000 | 00360nam a2200121 4500 | ||
|---|---|---|---|
| 999 |
_c9490 _d9490 |
||
| 008 | 180705b ||||| |||| 00| 0 eng d | ||
| 100 |
_928201 _aMorrell, Adam B. |
||
| 245 |
_aFitness gym: _bThat's just right for you _cAdam B. Morrell |
||
| 260 |
_aDavao City _bSun Star Davao _cc2016 |
||
| 300 | _apage B2. | ||
| 650 | 0 |
_928202 _aPhysical fitness. |
|
| 942 |
_2ddc _cPER |
||